| 000 | 01076cam a2200301 a 4500 | ||
|---|---|---|---|
| 999 |
_c787 _d787 |
||
| 001 | 13101928 | ||
| 003 | GZU | ||
| 005 | 20200914111028.0 | ||
| 008 | 030224s2003 njub b 001 0 eng | ||
| 010 | _a 2003004512 | ||
| 020 | _a1592210945 (pbk.) | ||
| 020 | _a9781592210947 | ||
| 040 |
_aDLC _cDLC _dDLC |
||
| 043 | _af-bs--- | ||
| 050 | 0 | 0 |
_aDT2490 _b.VAU 2003 |
| 082 | 0 | 0 |
_a968.83/02 _221 |
| 100 | 1 | _aVaughan, Olufemi. | |
| 245 | 1 | 0 |
_aChiefs, power, and social change : _bchiefship and modern politics in Botswana, 1880s-1990s / _cOlufemi Vaughan. |
| 260 |
_aTrenton : _bAfrica World Press, _cc2003. |
||
| 300 |
_ax, 209 p. : _bmaps ; _c21 cm. |
||
| 504 | _aIncludes bibliographical references (p. 185-197) and index. | ||
| 650 | 0 |
_aChiefdoms _zBotswana _xHistory. |
|
| 650 | 0 |
_aSocial change _zBotswana. |
|
| 651 | 0 |
_aBotswana _xPolitics and government. |
|
| 906 |
_a7 _bcbc _corignew _d1 _eecip _f20 _gy-gencatlg |
||
| 942 |
_2lcc _cBK _h2490 _iVAU _kDT |
||